| 000 | 00346nam a22001457a 4500 | ||
|---|---|---|---|
| 003 | OSt | ||
| 005 | 20220126144939.0 | ||
| 008 | 220126b |||||||| |||| 00| 0 eng d | ||
| 020 | _a0521669480 | ||
| 040 | _cHU | ||
| 082 |
_22nd _a621.3 _b1 |
||
| 100 |
_aRees W.G. _928731 |
||
| 245 | _aPhysical Principles Of Remote Sensing | ||
| 942 |
_2ddc _cBOOKS _n0 |
||
| 999 |
_c27985 _d27985 |
||